000 00594nam a2200241 a 4500
001 nice12345678
003 IN_TiNIC
005 20260116012128.0
008 050524s1978 dela grp 000 0 eng
020 _a
_c85
082 0 0 _a922.97
_bIQB3
100 _aIqbal, Afzal
245 _aLife and Times of Mohammad Ali
260 _aDelhi
_bIdarah-Iadabiyat-I Delli
_c1978
300 _a443p
500 _aincludes index and biblioraphy
505 2 _aIndex
650 _aMohammed Ali(1878-1931)-Biography
700 1 _aIqbal, Afzal
902 _bSRS
942 _cBK
999 _c5760
_d5760